Informe sobre producción en agricultura ecológica en Colombia / (Registro nro. 3125)

Detalles MARC
000 -CABECERA
Campo de control 00811nam a2200229 a 4500
005 - FECHA Y HORA DE LA ULTIMA TRANSACCION
Campo de control 20151125102522.0
008 - ELEMENTOS DE LONGITUD FIJA—INFORMACION GENERAL
Campo de control 140310b1999 ck ||||| |||| 00| 0 spa d
040 ## - FUENTE DE CATALOGACIÓN
Agencia catalogadora original CO-BoIAVH
Agencia transcriptora CO-BoIAVH
041 0# - IDIOMA
Código de idioma para texto/pista de sonido o título separado Español
044 ## - PAÍS DE PUBLICACIÓN
País de publicación Colombia
090 ## - CLASIFICACIÓN LOCAL
Colección LB
Consecutivo 02887
100 1# - ASIENTO PRINCIPAL--NOMBRE PERSONAL
Nombre personal Molera Teruel, Alfonso
9 (RLIN) 18631
245 1# - MENCION DE TITULO
Título Informe sobre producción en agricultura ecológica en Colombia /
Mención de responsabilidad Alfonso Molera Teruel
260 ## - PUBLICACION, DISTRIBUCION, ETC. (PIE DE IMPRENTA)
Lugar de publicación, distribución, etc. Bogotá, Colombia :
Nombre del editor, distribuidor, etc. Convenio Proexport-Protrade,
Fecha de publicación, distribución, etc. 1999.
300 ## - DESCRIPCION FISICA
Extensión 70 páginas :
Otros detalles físicos tablas ;
Dimensiones 28 cm.
650 #6 - ASIENTO SECUNDARIO DE MATERIA - TERMINO TEMATICO
Término temático o nombre geográfico como elemento de entrada Agricultura Orgánica
Subdivisión geográfica Colombia
9 (RLIN) 43116
650 #6 - ASIENTO SECUNDARIO DE MATERIA - TERMINO TEMATICO
Término temático o nombre geográfico como elemento de entrada Productividad agrícola
Subdivisión general Aspectos ambientales
Subdivisión geográfica Colombia.
9 (RLIN) 43117
650 #6 - ASIENTO SECUNDARIO DE MATERIA - TERMINO TEMATICO
Término temático o nombre geográfico como elemento de entrada Empresas agrícolas
Subdivisión geográfica Colombia.
9 (RLIN) 43118
650 #6 - ASIENTO SECUNDARIO DE MATERIA - TERMINO TEMATICO
Término temático o nombre geográfico como elemento de entrada Agricultura ecológica
Subdivisión geográfica Colombia.
9 (RLIN) 43119
662 ## - ASIENTO SECUNDARIO DE MATERIA - JERARQUIA DEL NOMBRE DE LUGAR(
País o entidad mayor Colombia
942 ## - ELEMENTOS ADICIONALES (KOHA)
Tipo de ítem Informe Técnico
Sistema de clasificación Local
Existencias
Withdrawn status Lost status Sistema de Clasificación Damaged status No para préstamo Colección Inventariado Ubicación Permanente Ubicación actual Fecha de adquisición Fuente de Valor Total Checkouts Número topográfico Inventario / Código de Barras Date last seen Ejemplar Price effective from Forma de adquisición Tipo de material
    Local     General Inventariado 2017 Bogotá Bogotá 11/03/2003 Uso y Valoración   LB-02887 014008 04/12/2012 Ej. 1 04/12/2012   Informe Técnico